000 00553nam a22001815i 4500
001 159108
003 ES-MaACL
005 20230906211441.0
008 040916s1887 it |||| | ita d
040 _aCAM
_bspa
_cCAM
100 1 _aMasé-Dari, E.
_9129715
245 1 0 _aSciopero e coalizione di Operai /
_cstudio di E. Masé-Dari.
260 _aTorino :
_b[s.n.],
_c1887 (
_fStamperia Reale)
300 _aXV, 327 p. ;
_c20 cm.
650 4 _aHuelgas.
_913489
752 _aItalia -
_dTurín
852 _aES-MaACL
_jF-12549
_z-- Enc. Pasta española
999 _c159108
_d159108